Catálogo
 En Linea

Relación de las leyes, decretos y resoluciones vigentes que rigen las rentas de la República Dominicana, conforme ley de presupuesto para el año 1941. (Registro nro. 31060)

Detalles MARC
000 -CABECERA
campo de control de longitud fija 00635nam a2200157 a 4500
001 - NÚMERO DE CONTROL
campo de control 000031568
005 - FECHA Y HORA DE LA ÚLTIMA TRANSACCIÓN
campo de control 20200930063024.0
008 - DATOS DE LONGITUD FIJA--INFORMACIÓN GENERAL
campo de control de longitud fija 110627s1941 dr 000 0 spa d
040 ## - FUENTE DE LA CATALOGACIÓN
Centro catalogador/agencia de origen DO-SdBNP
Lengua de catalogación spa
Centro/agencia transcriptor BNPHU
049 ## - FONDOS LOCALES (OCLC)
Fondos de biblioteca BNPD
110 1# - ENTRADA PRINCIPAL--NOMBRE DE ENTIDAD CORPORATIVA
Nombre de entidad corporativa o nombre de jurisdicción como elemento de entrada República Dominicana
Unidad subordinada Procuraduria General de la República
9 (RLIN) 32241
240 10 - TÍTULO UNIFORME
Título uniforme Leyes, etc.
245 10 - MENCIÓN DE TÍTULO
Título Relación de las leyes, decretos y resoluciones vigentes que rigen las rentas de la República Dominicana, conforme ley de presupuesto para el año 1941.
260 ## - PUBLICACIÓN, DISTRIBUCIÓN, ETC.
Lugar de publicación, distribución, etc. Ciudad Trujillo, República Dominicana :
Nombre del editor, distribuidor, etc. Procuraduria General de la República,
Fecha de publicación, distribución, etc. 1941.
300 ## - DESCRIPCIÓN FÍSICA
Extensión 24 p. ;
Dimensiones 21 cm.
Existencias
Estado de retiro Estado de pérdida No para préstamo Código de colección Localización permanente Ubicación/localización actual Ubicación en estantería Fecha de adquisición Número de inventario Total de préstamos Signatura topográfica completa Código de barras Fecha visto por última vez Precio válido a partir de Tipo de ítem Koha
    Excluido de préstamo Patrimonio Dominicano Patrimonio Dominicano Patrimonio Dominicano En catalogación 27.06.2011 LF1   31568-10 25.06.2020 25.06.2020 Libro y Folleto Colección Patrimonio Dominicano

Con tecnología Koha